ՀՀ Գիտությունների ազգային ակադեմիայի հիմնարար գիտական գրադարան  =   Fundamental Scientific Library of NAS RA

Форма в архитектуре : (Record no. 90659)

MARC details
000 -LEADER
fixed length control field 01284nam a2200229 a 4500
001 - CONTROL NUMBER
control field 000252631
003 - CONTROL NUMBER IDENTIFIER
control field AM-YeHGA
005 - DATE AND TIME OF LATEST TRANSACTION
control field 20250617125051.0
008 - FIXED-LENGTH DATA ELEMENTS--GENERAL INFORMATION
fixed length control field 030806s1990 ||| r 000 0 rus d
020 ## - INTERNATIONAL STANDARD BOOK NUMBER
International Standard Book Number 5274009255
040 ## - CATALOGING SOURCE
Original cataloging agency AM-YeHGA
090 ## - LOCALLY ASSIGNED LC-TYPE CALL NUMBER (OCLC); LOCAL CALL NUMBER (RLIN)
-- 91951
100 1# - MAIN ENTRY--PERSONAL NAME
Personal name Раппапорт, Александр Гербертович
245 10 - TITLE STATEMENT
Title Форма в архитектуре :
Remainder of title Пробл. теории и методол. /
Statement of responsibility, etc. А.Г. Раппапорт, Г.Ю. Сомов ; Гос. ком. по архитектуре и градостроительству при Госстрое СССР ; ВНИИ теории архитектуры и градостроительства.
260 ## - PUBLICATION, DISTRIBUTION, ETC.
Place of publication, distribution, etc. Москва :
Name of publisher, distributor, etc. Стройиздат,
Date of publication, distribution, etc. 1990.
300 ## - PHYSICAL DESCRIPTION
Extent 344 с. :
Other physical details ил.
504 ## - BIBLIOGRAPHY, ETC. NOTE
Bibliography, etc. note Библиогр. : с. 336 - 343
653 0# - INDEX TERM--UNCONTROLLED
Uncontrolled term Архитектурные формы
700 1# - ADDED ENTRY--PERSONAL NAME
Personal name Сомов, Георгий Юрьевич
710 2# - ADDED ENTRY--CORPORATE NAME
Corporate name or jurisdiction name as entry element Государственный комитет по архитектуре и градостроительству при Госстрое СССР
710 2# - ADDED ENTRY--CORPORATE NAME
Corporate name or jurisdiction name as entry element Всесоюзный научно-исследовательский институт теории архитектуры и градостроительства
Holdings
Withdrawn status Lost status Damaged status Not for loan Collection Home library Current library Date acquired Total checkouts Full call number Barcode Date last seen Price effective from Koha item type Public note
        General Fundamental Scientific Library Fundamental Scientific Library 22/12/2016   72.01 120617367 22/12/2016 22/12/2016 Գրքեր / Books 30 Days Loan
        General Fundamental Scientific Library Fundamental Scientific Library 22/12/2016   72.01 120630856 22/12/2016 22/12/2016 Գրքեր / Books 30 Days Loan


ՀՀ ԳԱԱ հիմնարար գիտական գրադարան
ՀՀ,Երևան 0019
Մարշալ Բաղրամյան 24/6
հեռախոս:(374-10) 52-47-50
Հետադարձ կապ

All site content, except where otherwise noted, is licensed under a
Creative Commons License